[Event "FINEC WGM"]
[Site "St Petersburg RUS"]
[Date "2008.01.24"]
[Round "1"]
[White "Lupik,M"]
[Black "Gromova,I"]
[Result "1/2-1/2"]
[WhiteElo "2222"]
[BlackElo "2219"]

1.d4 Nf6 2.c4 g6 3.Nc3 Bg7 4.e4 d6 5.Nf3 O-O 6.Be2 e5 7.Be3 Na6 8.O-O exd4
9.Nxd4 Nc5 10.f3 a5 11.Ndb5 Ne6 12.Qd2 Nd7 13.Rad1 f5 14.f4 fxe4 15.Nxe4 Nf6
16.Bf3 Nxe4 17.Bxe4 Qe7 18.Bf3 a4 19.g3 Bd7 20.Rfe1 Qf6 21.Bxb7 Rab8 22.Qd5 Kh8
23.Ba7 Rbe8 24.b3 axb3 25.axb3 g5 26.fxg5 Nxg5 27.Bd4 Nh3+ 28.Kg2 Qg6 29.Bxg7+ Qxg7
30.Qd4 Rf2+ 31.Kh1 Rxe1+ 32.Rxe1 Qxd4 33.Nxd4 Rd2 34.Re7 Bg4 35.Nf3 Rd3 36.Ne1 Rxb3
37.Bd5 Nf2+ 38.Kg1 Rb2 39.Bg2 c5 40.h4 Nd1 41.Bd5 h5 42.Re8+ Kg7 43.Rd8 Rb3
44.Kh2 Rb2+ 45.Kg1 Rb3 46.Kh2 Ne3 47.Rxd6 Nf1+ 48.Kg2 Nxg3 49.Rc6 Nf5 50.Rxc5 Nxh4+
51.Kf2 Rb2+ 52.Kg3 Nf5+ 53.Kf4 Rf2+ 54.Kg5 Ne7 55.Ba8 Rf6 56.Nd3 Rg6+ 57.Kf4 Rf6+
58.Kg5 Rg6+ 59.Kf4 Rf6+  1/2-1/2

[Event "6th ch-PriFO Men"]
[Site "Kazan RUS"]
[Date "2008.01.25"]
[Round "3"]
[White "Ayupov,D"]
[Black "Kalegin,E"]
[Result "1/2-1/2"]
[WhiteElo "2373"]
[BlackElo "2480"]

1.d4 Nf6 2.c4 g6 3.Nc3 Bg7 4.e4 d6 5.Nf3 O-O 6.Be2 e5 7.O-O Nbd7 8.Be3 Ng4
9.Bg5 f6 10.Bh4 g5 11.Bg3 h5 12.h4 Nh6 13.dxe5 dxe5 14.Qd5+ Nf7 15.Ne1 c6
16.Qd2 g4 17.Rd1 Nc5 18.Qxd8 Nxd8 19.f3 gxf3 20.Bxf3 Be6 21.Bf2 Na6 22.Bxh5 Bxc4
23.Be2 Bxe2 24.Nxe2 Ne6 25.Ng3 Rfd8 26.Nf3 Nac5 27.Bxc5 Nxc5 28.h5 Bh6 29.Nh4 Be3+
30.Kh1 Nd3 31.Kh2 Nf2 32.Rde1 Ng4+ 33.Kh3 Nf2+ 34.Kh2 Ng4+ 35.Kh3 Nf2+  1/2-1/2

[Event "6th ch-PriFO Men"]
[Site "Kazan RUS"]
[Date "2008.01.25"]
[Round "3"]
[White "Lushenkov,M"]
[Black "Pavlov,De1"]
[Result "1/2-1/2"]
[WhiteElo "2458"]
[BlackElo "2292"]

1.Nf3 Nf6 2.c4 g6 3.Nc3 Bg7 4.e4 d6 5.d4 O-O 6.Be2 e5 7.O-O exd4 8.Nxd4 Re8
9.f3 Nc6 10.Be3 Nh5 11.Qd2 Nf4 12.Rfd1 Nxe2+ 13.Ncxe2 Nxd4 14.Bxd4 Bxd4+
15.Qxd4 b6 16.Nc3 Bb7 17.Rac1 Qg5 18.Rc2 Rad8 19.Qd2 Qxd2 20.Rcxd2 a5 21.Kf2 h5
22.h4 Kg7 23.b3 Bc6 24.Rc1 Re5 25.Ne2 Rde8 26.a3 Bd7 27.Nf4 f5 28.exf5 Bxf5
29.Nd5 Rc8 30.Re2 Rxe2+ 31.Kxe2 c6 32.Ne3 Kf6 33.Rd1 Ke6 34.Kd2 Ke5 35.g3 d5
36.Re1 Kd4 37.Rc1 Re8 38.cxd5 cxd5 39.Ng2 a4 40.bxa4 Rc8 41.Rxc8 Bxc8 42.Ne3 Bd7
43.Nc2+ Kc4 44.Ne3+ Kd4 45.Nc2+ Kc4 46.g4 hxg4 47.fxg4 Bxa4 48.h5 gxh5 49.gxh5 Be8
50.Ne3+ Kb3 51.h6 Bg6 52.Nxd5 b5 53.Nc7 Kxa3 54.Nxb5+ Kb4 55.Na7 Kc5 56.Ke3 Kd6
57.Kf4 Ke6 58.Kg5 Bb1  1/2-1/2

[Event "ch-Kyiv Men"]
[Site "Kyiv UKR"]
[Date "2008.01.25"]
[Round "5"]
[White "Chichkin,V"]
[Black "Stavroyany,S"]
[Result "0-1"]
[WhiteElo "2286"]
[BlackElo "2217"]

1.d4 Nf6 2.c4 g6 3.Nc3 Bg7 4.e4 d6 5.Nf3 O-O 6.Be2 e5 7.d5 a5 8.Bg5 h6 9.Bh4 Na6
10.O-O Nc5 11.Nd2 c6 12.b3 Qc7 13.a3 Bd7 14.b4 Na6 15.Rb1 axb4 16.axb4 g5
17.Bg3 cxd5 18.Nxd5 Nxd5 19.cxd5 f5 20.exf5 Bxf5 21.Rc1 Qb6 22.b5 Nc5 23.Nc4 Qc7
24.Ne3 Bg6 25.Bh5 Bh7 26.Bg4 Qe7 27.Be2 Kh8 28.Nc4 Ra2 29.Rc3 Ne4 30.Re3 Nxg3
31.hxg3 e4 32.Bg4 Ra1 33.Qd2 Rxf1+ 34.Kxf1 Qc7 35.Qb4 Bd4 36.Re2 Bc5 37.Qb2+ Qg7
38.Qxg7+ Kxg7 39.Ne3 Ra8 40.Kg1 Kf6 41.Be6 h5 42.g4 Bxe3 43.Rxe3 hxg4 44.Bxg4 Ra1+
45.Kh2 Rb1 46.f3 Rxb5 47.fxe4 Ke5 48.Kg3 Kd4 49.Kf3 Rb1 50.e5 dxe5 51.d6 Rf1+
52.Ke2 Rf8 53.Rb3 b5 54.Kd2 e4 55.d7 Bg8 56.Rb4+ Bc4 57.Bf5 e3+ 58.Kc2 e2
59.Kd2 Kc5 60.Rb1 b4 61.g4 Ra8 62.Be4 Rd8 63.Bf5 Bb5 64.Rc1+ Kd6 65.Rb1 Bxd7
66.Bxd7 Rxd7 67.Kxe2 Rb7 68.Kd2 b3 69.Rb2 Ke5 70.Kc1 Kf4 71.Rg2 b2+ 72.Kb1 Kf3
73.Rg1 Rb4 74.Re1 Kxg4 75.Rg1+ Kf5 76.Rf1+ Kg6 77.Rg1 g4  0-1

[Event "IMB2"]
[Site "Marianske Lazne CZE"]
[Date "2008.01.25"]
[Round "8"]
[White "Zemerov,V"]
[Black "Jedlicka,A"]
[Result "0-1"]
[WhiteElo "2341"]
[BlackElo "2318"]

1.Nf3 Nf6 2.c4 g6 3.Nc3 Bg7 4.e4 d6 5.d4 O-O 6.Be2 Na6 7.O-O e5 8.Be3 Ng4
9.Bg5 Qe8 10.h3 h6 11.Bh4 Nf6 12.Bxf6 Bxf6 13.c5 exd4 14.Nd5 Bd8 15.Bxa6 c6
16.Bc4 cxd5 17.Bxd5 dxc5 18.Qc1 Be6 19.Qxc5 Bb6 20.Qc1 Kg7 21.Bxb7 Rb8 22.Ba6 Qa4
23.Bd3 Qb4 24.Qf4 Qxb2 25.e5 Rbe8 26.h4 Qa3 27.Rfd1 Qe7 28.Nxd4 Bxd4 29.Qxd4 Rd8
30.Qf4 h5 31.Be2 Rxd1+ 32.Bxd1 Rb8 33.a3 Rc8 34.Be2 Rc3 35.Bf1 Bf5 36.a4 a5
37.Bb5 Rb3 38.Re1 Qb4 39.Qxb4 axb4 40.Bc6 Ra3 41.Be4 Be6 42.Rb1 b3 43.f3 Rxa4
44.Kf2 Ra2+ 45.Kg3 Re2 46.Rg1 f5 47.Bb1 Rxe5  0-1

[Event "6th Gibtelecom Masters"]
[Site "Gibraltar ENG"]
[Date "2008.01.26"]
[Round "5"]
[White "Pettersson,A"]
[Black "Narayanan,Sr"]
[Result "0-1"]
[WhiteElo "1984"]
[BlackElo "2210"]

1.d4 Nf6 2.c4 g6 3.Nc3 Bg7 4.e4 d6 5.Nf3 O-O 6.Be2 e5 7.d5 a5 8.O-O Na6 9.Nd2 Nc5
10.f3 Nh5 11.g4 Nf4 12.Nb3 Nxb3 13.Qxb3 h5 14.Bxf4 exf4 15.Kh1 hxg4 16.fxg4 Qh4
17.Nb5 Bxg4 18.Bxg4 Qxg4 19.Qf3 Qxf3+ 20.Rxf3 Bxb2 21.Rb1 Be5 22.Nxc7 Rac8
23.Rxb7 Rfd8 24.c5 dxc5 25.Nb5 c4 26.Nc3 Rb8 27.Re7 Re8 28.Rxe8+ Rxe8 29.Nb5 g5
30.Rf1 Kg7 31.Rc1 c3 32.h3 f3 33.Kg1 Rh8 34.Kf2 Rxh3 35.d6 g4 36.d7 Rh2+
37.Kf1 g3 38.Kg1 f2+ 39.Kf1 Rh1+ 40.Kg2 Rxc1 41.d8=N f1=Q+  0-1

[Event "FINEC GMB"]
[Site "St Petersburg RUS"]
[Date "2008.01.26"]
[Round "3"]
[White "Shishkin,Va UKR"]
[Black "Levin,Ev"]
[Result "0-1"]
[WhiteElo "2493"]
[BlackElo "2440"]

1.d4 Nf6 2.c4 g6 3.Nc3 Bg7 4.e4 d6 5.Be2 O-O 6.Nf3 e5 7.Be3 Na6 8.O-O Ng4
9.Bg5 Qe8 10.dxe5 dxe5 11.Nd2 f6 12.Bh4 h5 13.a3 Be6 14.h3 Nh6 15.Qc2 Rd8
16.Rfd1 g5 17.Bg3 h4 18.Bh2 g4 19.hxg4 Nxg4 20.Bxg4 Bxg4 21.f3 Be6 22.Nd5 Rd7
23.Kh1 Bh6 24.Nf1 Rg7 25.Nde3 Nb8 26.Qf2 Qh5 27.b3 Nc6 28.Nc2 Kh8 29.Nfe3 Rfg8
30.Nd5 Rxg2 31.Qxg2 Rxg2 32.Kxg2 f5 33.Re1 fxe4 34.Rxe4 Bf5 35.Rae1 Qg5+
36.Kf2 Bxe4 37.Rxe4 Qc1 38.Ncb4 Qb2+ 39.Re2 Qxb3 40.Nxc6 bxc6 41.Bxe5+ Bg7
42.Nf6 Qxc4 43.Re4 Qc2+ 44.Kg1 Qc1+ 45.Kg2 Qh6 46.Rf4 h3+ 47.Kh2 Qg5 48.Kxh3 Qxe5
49.Rh4+ Bh6 50.Rxh6+ Kg7 51.Ng4 Qc3 52.Kg3 a5 53.Re6 Qxa3 54.Rxc6 Qe7 55.f4 Qe1+
56.Nf2 Qe3+ 57.Kg2 Qxf4 58.Rc3 Qe5 59.Ra3 Qc5 60.Ra1 Qb4  0-1

[Event "ch-AZE"]
[Site "Baku AZE"]
[Date "2008.01.27"]
[Round "8"]
[White "Abbasov,F"]
[Black "Akhmedov,F"]
[Result "1-0"]
[WhiteElo "2519"]
[BlackElo "2246"]

1.d4 g6 2.c4 Bg7 3.e4 d6 4.Nc3 Nf6 5.Be2 O-O 6.Nf3 Nbd7 7.O-O e5 8.Qc2 Qe7
9.Rd1 c6 10.d5 c5 11.Ne1 Ne8 12.Bd3 Nc7 13.a3 a6 14.Rb1 Rb8 15.b4 b5 16.Be3 cxb4
17.axb4 bxc4 18.Bxc4 f5 19.f3 Nf6 20.Nd3 Bd7 21.Nc5 Bb5 22.Nxb5 axb5 23.Bb3 Kh8
24.exf5 gxf5 25.Bg5 e4 26.Ne6 Nxe6 27.dxe6 d5 28.Bxd5 exf3 29.gxf3 Rbc8 30.Qxf5 h6
31.Qh3 Rfd8 32.Kh1 Rc3 33.Bxh6  1-0

[Event "ch-CRO"]
[Site "Split CRO"]
[Date "2008.01.27"]
[Round "11"]
[White "Rezan,S"]
[Black "Cvitan,O"]
[Result "1/2-1/2"]
[WhiteElo "2390"]
[BlackElo "2535"]

1.d4 Nf6 2.c4 g6 3.Nc3 Bg7 4.e4 d6 5.Nf3 O-O 6.Be2 e5 7.dxe5 dxe5 8.Qxd8 Rxd8
9.Nd5 Nxd5 10.cxd5 c6 11.Bc4 b5 12.Bb3 Bb7 13.Bg5 Rc8 14.Rd1 Nd7 15.d6 c5
16.Bd5 Bxd5 17.Rxd5 f6 18.Be3 Rc6 19.Ke2 Kf7 20.Rc1 Rac8 21.b4 cxb4 22.Rxc6 Rxc6
23.Rxb5 Rc2+ 24.Kd3 Rxa2 25.Rb7 Ke6 26.Rxa7 Rxa7 27.Bxa7 Bf8 28.Kc4 Bxd6
29.Ne1 b3 30.Nd3 f5 31.exf5+ gxf5 32.h3 e4 33.Nb2 f4 34.Kxb3 Kd5 35.Kc2 Be5
36.Nd1 Kc6 37.g3 fxg3 38.fxg3 Bxg3 39.Nc3  1/2-1/2

[Event "FINEC GMB"]
[Site "St Petersburg RUS"]
[Date "2008.01.28"]
[Round "5"]
[White "Zacurdajev,M"]
[Black "Tihonov,J"]
[Result "0-1"]
[WhiteElo "2408"]
[BlackElo "2497"]

1.d4 Nf6 2.c4 g6 3.Nc3 Bg7 4.e4 d6 5.Nf3 O-O 6.Be2 e5 7.O-O Na6 8.Re1 c6
9.Bf1 Bg4 10.d5 c5 11.h3 Bc8 12.Bg5 Kh8 13.Qc1 Rg8 14.a3 Qf8 15.Nb5 Ne8 16.g3 f5
17.Bg2 Nf6 18.Nd2 Bd7 19.Qd1 Ne8 20.Nf3 h6 21.Bd2 Kh7 22.exf5 gxf5 23.Nh4 Bf6
24.Qh5 Bg5 25.Bxg5 Rxg5 26.Qe2 Rg7 27.Kh2 Nac7 28.a4 Qf6 29.Ra3 Kg8 30.Rf3 Qg5
31.Rb3 Na6 32.Nf3 Qf6 33.Nd2 Nb4 34.f4 exf4 35.gxf4 a6 36.Nc3 Qh4 37.Rf1 Nf6
38.Qf3 Re8 39.Ne2 Bxa4 40.Rxb4 cxb4 41.Kg1 Ne4 42.Nxe4 Rxe4 43.Qd3 Bb3 44.Nd4 Rg3
45.Qd2 Bxc4 46.Nxf5 Qxh3 47.Nxg3 Qxg3 48.Rf2 a5 49.Kh1 Re7 50.f5 Qe3 51.Qxe3 Rxe3
52.Rf4 b5 53.Rg4+ Kf7 54.Rg6 Re1+ 55.Kh2 Re2 56.Rxd6 Rxb2 57.Kg3 Rxg2+ 58.Kxg2 b3  0-1

[Event "6th Gibtelecom Masters"]
[Site "Gibraltar ENG"]
[Date "2008.01.29"]
[Round "8"]
[White "Campbell,I"]
[Black "Hansen,PA"]
[Result "1/2-1/2"]
[WhiteElo "2024"]
[BlackElo "2108"]

1.Nf3 Nf6 2.d4 g6 3.c4 Bg7 4.Nc3 O-O 5.e4 d6 6.Be2 e5 7.d5 a5 8.Bg5 Na6 9.Nd2 h6
10.Bh4 g5 11.Bg3 Nxe4 12.Ndxe4 f5 13.f3 fxe4 14.Nxe4 Bf5 15.O-O Bxe4 16.fxe4 Nc5
17.Qc2 Rxf1+ 18.Rxf1 Qe8 19.Rf5 Qg6 20.Bf2 Nd7 21.Bd3 Nf6 22.c5 Qe8 23.h3 Qd7
24.Qb3 Qc8 25.Kh2 Kh8 26.cxd6 cxd6 27.Be3 Qc7 28.Qb6 Qxb6 29.Bxb6 Kh7 30.Rf2 Rc8
31.Rc2 Rxc2 32.Bxc2 a4 33.Kg3 h5 34.Bc7 Ne8  1/2-1/2

[Event "FINEC GMB"]
[Site "St Petersburg RUS"]
[Date "2008.01.29"]
[Round "6"]
[White "Goganov,A"]
[Black "Tihonov,J"]
[Result "1/2-1/2"]
[WhiteElo "2358"]
[BlackElo "2497"]

1.d4 Nf6 2.c4 g6 3.Nc3 Bg7 4.e4 d6 5.Nf3 O-O 6.Be2 e5 7.O-O Na6 8.Be3 Ng4
9.Bg5 Qe8 10.c5 exd4 11.Nd5 h6 12.Bh4 g5 13.Bg3 c6 14.Bxd6 cxd5 15.exd5 b6
16.cxb6 axb6 17.Nxd4 Qd7 18.Bxf8 Bxf8 19.Ne6 Nf6 20.Nxf8 Kxf8 21.Qd4 Qd6
22.h4 Nb4 23.hxg5 hxg5 24.Qd2 Ne4 25.Qd4 Nf6 26.Qd2 Ne4 27.Qd4  1/2-1/2

[Event "6th ch-PriFO Men"]
[Site "Kazan RUS"]
[Date "2008.01.30"]
[Round "8"]
[White "Jusupov,T"]
[Black "Vafin,Na"]
[Result "1-0"]
[WhiteElo "2094"]
[BlackElo "2050"]

1.d4 Nf6 2.c4 g6 3.Nc3 Bg7 4.e4 d6 5.Nf3 O-O 6.Be2 e5 7.d5 Nh5 8.O-O f5 9.Ne1 Nf4
10.Nd3 fxe4 11.Nxe4 b6 12.Rb1 a5 13.b3 Na6 14.Nxf4 exf4 15.Bg4 h6 16.Bxc8 Qxc8
17.f3 Nc5 18.Nxc5 bxc5 19.Bb2 Qf5 20.Bxg7 Kxg7 21.Re1 Rfe8 22.Rb2 Re3 23.Rbe2 Rae8
24.Qd2 Rxe2 25.Rxe2 Rxe2 26.Qxe2 Kf6 27.h3 Qe5 28.Qd2 Qe3+ 29.Qxe3 fxe3 30.Kf1 Ke5
31.g3 g5 32.Ke2 Kd4 33.g4 a4 34.bxa4 Kxc4 35.Kxe3 Kxd5 36.a5 c4 37.a6 Kc6
38.f4 gxf4+ 39.Kxf4 Kb6 40.h4 Kxa6 41.g5 hxg5+ 42.hxg5 Kb5 43.g6 d5 44.g7  1-0

[Event "6th ch-PriFO Men"]
[Site "Kazan RUS"]
[Date "2008.01.30"]
[Round "8"]
[White "Vlasov,An"]
[Black "Varavin,V1"]
[Result "1/2-1/2"]
[WhiteElo "2302"]
[BlackElo "2427"]

1.d4 Nf6 2.Nf3 g6 3.c4 Bg7 4.Nc3 O-O 5.e4 d6 6.Be2 Nbd7 7.O-O e5 8.Be3 Ng4
9.Bg5 f6 10.Bc1 c6 11.Qc2 Nh6 12.Rd1 Qe7 13.d5 c5 14.a3 Nf7 15.b4 f5 16.Ne1 b6
17.Rb1 Nf6 18.a4 Nxe4 19.Nxe4 fxe4 20.Rb3 Bd7 21.b5 a6 22.Qxe4 axb5 23.axb5 Ra2
24.Rb2 Bf5 25.Qe3 Ra1 26.Bd2 Qa7 27.Nc2 Rxd1+ 28.Bxd1 e4 29.Rb3 Qa2 30.Ra3 Qxc4
31.Qe2 Qxe2 32.Bxe2 Ne5 33.Ne3 Rc8 34.Nc4 Nxc4 35.Bxc4 Be5 36.Ra6 Rb8 37.Ra7 Re8
38.Ra6 Rb8 39.Ra7  1/2-1/2

[Event "13th HIT Open A"]
[Site "Nova Gorica SLO"]
[Date "2008.01.30"]
[Round "7"]
[White "Kragelj,I"]
[Black "Srebrnic,A"]
[Result "1/2-1/2"]
[WhiteElo "2228"]
[BlackElo "2314"]

1.d4 d6 2.Nf3 Nf6 3.c4 g6 4.Nc3 Bg7 5.e4 O-O 6.Be2 e5 7.Be3 Na6 8.O-O Ng4
9.Bg5 f6 10.Bc1 Nh6 11.Rb1 Nf7 12.b4 exd4 13.Nxd4 Nxb4 14.Rxb4 c5 15.Rb3 cxd4
16.Qxd4 Re8 17.Qd2 b6 18.Bb2 Bb7 19.Qc2 Rc8 20.f4 Qe7 21.Bd3 Bc6 22.Qb1 Nd8
23.Nd5 Bxd5 24.cxd5 Nb7 25.Bb5 Nc5 26.Re3 Rf8 27.Rfe1 Bh6 28.g3 Rc7 29.Qa1 Qf7
30.Qd1 Re7 31.R3e2 Rd8 32.Kg2 Bg7 33.Bc6  1/2-1/2

[Event "6th Gibtelecom Masters"]
[Site "Gibraltar ENG"]
[Date "2008.01.31"]
[Round "10"]
[White "Goldsztejn,G"]
[Black "Narayanan,Sr"]
[Result "1/2-1/2"]
[WhiteElo "2380"]
[BlackElo "2210"]

1.d4 Nf6 2.Nf3 g6 3.c4 Bg7 4.Nc3 O-O 5.e4 d6 6.Be2 e5 7.Be3 Ng4 8.Bg5 f6
9.Bc1 exd4 10.Nxd4 f5 11.Bxg4 fxg4 12.Be3 Nc6 13.Nxc6 bxc6 14.Bd4 Bh6 15.O-O Be6
16.c5 Qe7 17.cxd6 cxd6 18.Re1 Rab8 19.e5 c5 20.exd6 Qxd6 21.Be3 Qxd1 22.Raxd1 Bxe3
23.Rxe3 Rxb2 24.Rxe6 Rfxf2 25.g3 Rg2+ 26.Kf1 Rxh2 27.Re2 Rh1+ 28.Kf2 Rh2+
29.Ke3 Rhxe2+ 30.Nxe2 Rxa2 31.Rd8+ Kg7 32.Rd7+ Kh6 33.Rc7 Ra3+ 34.Kf2 Rf3+
35.Kg2 Re3 36.Nf4 a5 37.Rxc5 a4 38.Ra5 a3 39.Ra7 Rb3 40.Kf2 Rf3+ 41.Kg2 Rb3
42.Ne2 Rb2 43.Kf2 a2 44.Ke3 g5 45.Nc3 Kg6 46.Ra6+ Kg7 47.Ne4 Rg2 48.Nxg5 Rxg3+
49.Kf4 Rg2 50.Ra7+ Kg6 51.Nxh7 Rf2+ 52.Kxg4 Rf7  1/2-1/2

[Event "FSIMB February"]
[Site "Budapest HUN"]
[Date "2008.02.02"]
[Round "1"]
[White "Perez Aleman,P"]
[Black "Galyas,M"]
[Result "0-1"]
[WhiteElo "2141"]
[BlackElo "2432"]

1.Nf3 Nf6 2.c4 g6 3.Nc3 Bg7 4.e4 d6 5.d4 O-O 6.Be2 Na6 7.O-O e5 8.Be3 Ng4
9.Bg5 Qe8 10.dxe5 dxe5 11.h3 f6 12.Bd2 Nh6 13.c5 c6 14.b4 Nf7 15.Bxa6 bxa6
16.Qe2 f5 17.Rfd1 f4 18.Be1 h5 19.Nd2 Ng5 20.f3 Ne6 21.Nc4 Nd4 22.Qd3 g5
23.Bf2 g4 24.hxg4 hxg4 25.Bxd4 exd4 26.Ne2 Qh5 27.Nxd4 g3 28.Ne2 Qh2+ 29.Kf1 Bh3
30.Ke1 Bxa1 31.gxh3 Bg7 32.Nd6 a5 33.b5 Qf2+ 34.Kd2 Qxc5 35.Rc1 Qb4+ 36.Kd1 Rad8
37.Rxc6 Qa4+ 38.Ke1 Qxa2 39.Kf1 a4 40.Ra6 Qb3 41.Qd2 Qxf3+ 42.Ke1 Qh1+  0-1

[Event "FSIMA February"]
[Site "Budapest HUN"]
[Date "2008.02.03"]
[Round "2"]
[White "Porat,Ma"]
[Black "Steel,H"]
[Result "1/2-1/2"]
[WhiteElo "2190"]
[BlackElo "2241"]

1.d4 Nf6 2.c4 g6 3.Nc3 Bg7 4.e4 O-O 5.Nf3 d6 6.Be2 e5 7.O-O exd4 8.Nxd4 Re8
9.f3 Nc6 10.Be3 Nh5 11.f4 Nf6 12.Bf3 Nxd4 13.Bxd4 Be6 14.Qd3 c6 15.Rad1 Qa5
16.b3 Rad8 17.Ne2 b5 18.cxb5 cxb5 19.Qc3 Qxc3 20.Nxc3 a6 21.h3 b4 22.Bxf6 Bxf6
23.Nd5 Bxd5 24.Rxd5 Be7 25.Be2 Bf8 26.e5 dxe5 27.Rxd8 Bc5+ 28.Kh1 Rxd8 29.fxe5 Bd4
30.Rd1 Kf8 31.Bxa6 Ke7 32.Bc4 Bxe5 33.Rxd8 Kxd8 34.Bxf7 Ke7 35.Bg8 h5 36.Kg1 h4
37.Kf2 Kd6 38.Ke3 Kc5 39.Ke4 Bg3 40.Kd3 g5 41.Bh7 Bf4  1/2-1/2

[Event "4th Open C Women"]
[Site "Moscow RUS"]
[Date "2008.02.03"]
[Round "2"]
[White "Frantsuzova,L"]
[Black "Gromova,I"]
[Result "0-1"]
[WhiteElo "1899"]
[BlackElo "2219"]

1.d4 Nf6 2.Nf3 g6 3.c4 Bg7 4.Nc3 O-O 5.e4 d6 6.Be2 e5 7.d5 a5 8.Bg5 Na6 9.a3 h6
10.Bd2 Nc5 11.Qc2 Nh5 12.Nd4  0-1

[Event "4th Open C Women"]
[Site "Moscow RUS"]
[Date "2008.02.07"]
[Round "6"]
[White "Severina,M"]
[Black "Bukhteeva,V"]
[Result "1/2-1/2"]
[WhiteElo "1918"]
[BlackElo "2065"]

1.Nf3 g6 2.c4 Bg7 3.d4 Nf6 4.Nc3 d6 5.e4 O-O 6.Be2 e5 7.Bg5 h6 8.dxe5 hxg5
9.exf6 Qxf6 10.Qc2 g4 11.Nd2 Nc6 12.Nb3 a5 13.a4 Be6 14.O-O Qh4 15.Nd5 Be5
16.g3 Qh3 17.Nxc7 Kg7 18.f4 gxf3 19.Bxf3 Rac8 20.Nxe6+ Qxe6 21.Rac1 Bf6 22.Qe2 Qe5  1/2-1/2

[Event "Velammal 45th National A ch-IND"]
[Site "Chennai IND"]
[Date "2008.02.09"]
[Round "7"]
[White "Mohota,N"]
[Black "Thipsay,P"]
[Result "1/2-1/2"]
[WhiteElo "2409"]
[BlackElo "2473"]

1.d4 Nf6 2.c4 g6 3.Nc3 Bg7 4.e4 d6 5.Nf3 O-O 6.Be2 e5 7.Be3 Nbd7 8.O-O c6
9.d5 c5 10.Ne1 Ne8 11.g4 Kh8 12.Kh1 Ndf6 13.Rg1 Ng8 14.Qd2 Qe7 15.Rg3 f5
16.gxf5 gxf5 17.Bg5 Bf6 18.exf5 Bxg5 19.Qxg5 Qxg5 20.Rxg5 Bxf5 21.Nf3 h6
22.Rg3 Bh7 23.Rag1 a6 24.Nh4 Ne7 25.Bd3 Rxf2 26.Bxh7 Kxh7 27.Nf3 Nf5 28.Rh3 Nf6
29.Ng5+ Kh8 30.Nf7+ Kh7 31.Ng5+  1/2-1/2

[Event "4th Open C Women"]
[Site "Moscow RUS"]
[Date "2008.02.09"]
[Round "8"]
[White "Milashevskaja,V"]
[Black "Zaryvkina,A"]
[Result "0-1"]
[WhiteElo "1816"]
[BlackElo "1948"]

1.d4 Nf6 2.c4 g6 3.Nc3 Bg7 4.Nf3 O-O 5.e4 d6 6.Be2 e5 7.dxe5 dxe5 8.O-O Qe7
9.Qc2 c6 10.Bg5 h6 11.Bxf6 Bxf6 12.Rad1 Be6 13.a3 a5 14.Na4 Nd7 15.c5 Bg7
16.Rd6 b5 17.Nc3 Rac8 18.b4 a4 19.Qd2 Rfd8 20.Rd1 Qe8 21.h3 Bb3 22.Re1 Bf8
23.Rd3 Bc4 24.Re3 Nxc5  0-1

[Event "KNSB TCh-NED 2007-8"]
[Site "Netherlands NED"]
[Date "2008.02.09"]
[Round "6"]
[White "De Jong,JW"]
[Black "Visser,Y"]
[Result "1-0"]
[WhiteElo "2458"]
[BlackElo "2470"]

1.d4 Nf6 2.c4 g6 3.Nc3 Bg7 4.e4 d6 5.Be2 O-O 6.Nf3 Na6 7.O-O e5 8.Re1 Qe8
9.Bf1 Bg4 10.d5 Nh5 11.h3 Bd7 12.a3 f5 13.b4 Bf6 14.c5 Nb8 15.a4 Qe7 16.Nd2 f4
17.Nb5 Bh4 18.Nf3 Bxb5 19.axb5 Nd7 20.c6 Nb6 21.cxb7 Rab8 22.Rxa7 Ng7 23.Re2 h5
24.Rc2 Ne8 25.Be2 Kh7 26.Nd2 Nf6 27.Nb3 Nxe4 28.Bd3 Nxf2 29.Rxf2 Bxf2+ 30.Kxf2 Nxd5
31.Bxg6+ Kxg6 32.Qxd5 e4 33.Nd4 e3+ 34.Ke2 Qh4 35.Qf3 Qg5 36.Qe4+ Kh6 37.Ra8  1-0

[Event "KNSB TCh-NED 2007-8"]
[Site "Netherlands NED"]
[Date "2008.02.09"]
[Round "6"]
[White "Li Shilong"]
[Black "Richter,Ch"]
[Result "1-0"]
[WhiteElo "2502"]
[BlackElo "2396"]

1.d4 Nf6 2.c4 g6 3.Nc3 Bg7 4.e4 d6 5.Nf3 O-O 6.Be2 Na6 7.O-O e5 8.Be3 Ng4
9.Bg5 Qe8 10.h3 f6 11.Bc1 Nh6 12.Re1 Nf7 13.Bf1 f5 14.dxe5 dxe5 15.b3 Kh8
16.Ba3 Rg8 17.exf5 gxf5 18.Nxe5 Bxe5 19.Bb2 f4 20.Rxe5 Nxe5 21.Nd5 Rf8 22.Qd2 c6
23.Re1  1-0

[Event "4th Open A"]
[Site "Moscow RUS"]
[Date "2008.02.10"]
[Round "9"]
[White "Volkov,Sergey1"]
[Black "Demchenko,A"]
[Result "1-0"]
[WhiteElo "2623"]
[BlackElo "2491"]

1.d4 Nf6 2.c4 g6 3.Nc3 Bg7 4.e4 O-O 5.Nf3 d6 6.Be2 e5 7.Be3 Ng4 8.Bg5 f6
9.Bh4 g5 10.Bg3 Nh6 11.d5 Nd7 12.Nd2 f5 13.exf5 Nf6 14.Nde4 Nxe4 15.Nxe4 Bxf5
16.Bd3 Qe8 17.h3 Bg6 18.f3 Nf5 19.Bf2 Qe7 20.a4 Nd4 21.Be3 h6 22.Ra3 a5 23.Qc1 Nf5
24.Bd2 b6 25.O-O Nd4 26.Re1 Qf7 27.Bb1 Bf5 28.Be3 Bh8 29.Bf2 Qg7 30.Ng3 Bd7
31.Qd1 Rae8 32.Be4 Nf5 33.Nh5 Qf7 34.g4 Ne7 35.Qc2 Bf5 36.Bxf5 Nxf5 37.Qxf5  1-0

[Event "FSGM February"]
[Site "Budapest HUN"]
[Date "2008.02.12"]
[Round "11"]
[White "Porat,I"]
[Black "Ilincic,Z"]
[Result "1/2-1/2"]
[WhiteElo "2272"]
[BlackElo "2561"]

1.d4 Nf6 2.c4 g6 3.Nc3 Bg7 4.e4 d6 5.Nf3 O-O 6.Be2 e5 7.dxe5 dxe5 8.Qxd8 Rxd8
9.Bg5 Re8 10.O-O-O h6 11.Be3 c6 12.Ne1 Ng4 13.Bxg4 Bxg4 14.Rd2 Be6 15.b3 Na6
16.Nc2 f5 17.f3 Bf8 18.exf5 gxf5 19.g4 Nc5 20.gxf5 Bxf5 21.Bxc5 Bxc5 22.Ne4 Bxe4
23.fxe4 Rad8 24.Rf1 Be7 25.Rg2+ Bg5+ 26.Kb2 Rf8 27.Ne3 Rxf1 28.Nxf1 Kh7 29.Ng3 Rd4
30.Kc2 b5 31.c5 a5 32.Re2 Rd7 33.Nf5 Kg6 34.Rg2 Kh5 35.a3 Rd8 36.h3 Rd7 37.Kc3 Rd1
38.Rg4 Rc1+ 39.Kb2 Rd1 40.Ng3+ Kg6 41.h4 Rd2+ 42.Kc3 Rh2 43.hxg5 h5 44.Nxh5 Rxh5
45.Rg3 Rh1 46.Kc2 Rh2+ 47.Kc3 Ra2 48.Rd3 a4 49.Rd6+ Kxg5 50.bxa4 Rxa3+ 51.Kd2 Rxa4
52.Rxc6 Rxe4 53.Rb6 Rb4 54.c6 Kf4 55.c7 Rd4+ 56.Ke2 Rc4 57.Rxb5 Rc2+ 58.Ke1 Rxc7
59.Rb4+ e4 60.Rb3 Rc2 61.Ra3 Rb2 62.Rc3 e3 63.Rc8 Kf3 64.Rf8+  1/2-1/2

[Event "10th TCh-Euro sen"]
[Site "Dresden GER"]
[Date "2008.02.13"]
[Round "3"]
[White "Bakalarczyk,W"]
[Black "Petrushin,A1"]
[Result "0-1"]
[WhiteElo "1996"]
[BlackElo "2426"]

1.d4 Nf6 2.c4 g6 3.Nc3 Bg7 4.e4 O-O 5.Nf3 d6 6.Be2 e5 7.O-O Nbd7 8.d5 Nc5
9.Qc2 a5 10.b3 Nh5 11.Be3 b6 12.Rad1 f5 13.Nd2 Nf4 14.Bf3 fxe4 15.Bxe4 Bd7
16.Rfe1 Rf7 17.Bxc5 bxc5 18.Nf1 Qg5 19.Ng3 Raf8 20.f3 h5 21.Kh1 Qh6 22.Nge2 g5
23.g3 Nh3 24.Ng1 Nxg1 25.Kxg1 g4 26.fxg4 Bxg4 27.Rd2 Bh3 28.Bg2 Qe3+  0-1

[Event "FSGM February"]
[Site "Budapest HUN"]
[Date "2008.02.14"]
[Round "13"]
[White "Nguyen Huynh Minh Huy"]
[Black "Ilincic,Z"]
[Result "1-0"]
[WhiteElo "2398"]
[BlackElo "2561"]

1.d4 Nf6 2.c4 g6 3.Nc3 Bg7 4.e4 d6 5.Nf3 O-O 6.Be2 e5 7.Be3 Na6 8.O-O Ng4
9.Bg5 Qe8 10.h3 h6 11.Bh4 Nf6 12.Bxf6 Bxf6 13.c5 Bg7 14.cxd6 cxd6 15.dxe5 dxe5
16.Rc1 Nc7 17.Qd6 Qd7 18.Qb4 a5 19.Qa3 Qe6 20.Qc5 Qc6 21.Qa3 Qf6 22.Rfd1 Rd8
23.Rxd8+ Qxd8 24.Bc4 Ne6 25.Nd5 Bd7 26.Rd1 Kh7 27.Nb6 Qxb6 28.Rxd7 Rf8 29.Qe7 Nc5
30.Nxe5 Nxe4 31.Nd3 Nf6 32.Rxb7 Qd4 33.Bxf7 Qxd3 34.Bc4 Qd1+ 35.Kh2  1-0

[Event "10th TCh-Euro sen"]
[Site "Dresden GER"]
[Date "2008.02.14"]
[Round "4"]
[White "Kremenietsky,AnM"]
[Black "Zakharov,AI"]
[Result "1/2-1/2"]
[WhiteElo "2354"]
[BlackElo "2427"]

1.d4 Nf6 2.c4 g6 3.Nc3 Bg7 4.e4 O-O 5.Nf3 d6 6.Be2 e5 7.O-O Nbd7 8.Be3 Ng4
9.Bg5 f6 10.Bc1 f5 11.dxe5 Ndxe5 12.exf5 Bxf5 13.Nd4 Bd7 14.h3 Nxf2 15.Rxf2 Rxf2
16.Kxf2 Qh4+ 17.Kg1 Bxh3 18.Bf1 Rf8 19.Be3 Qg3 20.Qe1 Rxf1+ 21.Qxf1 Qxe3+
22.Qf2 Qxf2+ 23.Kxf2 Bd7 24.Rd1 Nxc4 25.b3 Bg4 26.Nce2 Na3 27.Nf3 a6 28.Nf4 Nb5
29.Re1 Bxf3 30.Kxf3 Kf7 31.g4 Nd4+ 32.Ke4 c6 33.Rf1 Kg8 34.Kd3 Be5 35.Ke4 Kg7
36.g5 Bxf4 37.Kxf4 Ne6+ 38.Kg4 d5 39.Re1 Kf7 40.Rh1 Kg7 41.b4 Nf8 42.Kf4 Kf7
43.Ke5 Ke7 44.Rh2 Nd7+ 45.Kf4 Nf8 46.Ke5 Nd7+ 47.Kf4  1/2-1/2

[Event "Velammal 45th National A ch-IND"]
[Site "Chennai IND"]
[Date "2008.02.15"]
[Round "13"]
[White "Ashwath,R"]
[Black "Sanjay,N"]
[Result "0-1"]
[WhiteElo "2332"]
[BlackElo "2354"]

1.d4 Nf6 2.c4 g6 3.Nc3 Bg7 4.e4 d6 5.Nf3 O-O 6.Be2 Nbd7 7.O-O e5 8.d5 Nc5
9.Qc2 a5 10.Bg5 h6 11.Be3 b6 12.Nd2 Bg4 13.f3 Bd7 14.b3 Nh5 15.a3 Nf4 16.Rfe1 Qg5
17.Bf1 Ncd3 18.g3 Nxe1 19.Rxe1 Qf6 20.Nb5 Nh3+ 21.Bxh3 Bxh3 22.Nxc7 Rab8
23.b4 Qe7 24.Nb5 axb4 25.axb4 f5 26.Ra1 Rb7 27.Qa2 fxe4 28.fxe4 Qd8 29.Na7 Rbf7
30.Nc6 Qd7 31.Bxb6 Qg4 32.Re1 Qe2  0-1

[Event "79th ch-GER"]
[Site "Bad Woerishofen GER"]
[Date "2008.02.16"]
[Round "2"]
[White "Gschnitzer,O"]
[Black "Kesten,S"]
[Result "1-0"]
[WhiteElo "2408"]
[BlackElo "2048"]

1.Nf3 Nf6 2.c4 g6 3.Nc3 Bg7 4.e4 d6 5.d4 O-O 6.Be2 e5 7.Be3 Ng4 8.Bg5 f6
9.Bh4 Nc6 10.d5 Ne7 11.Nd2 Nh6 12.f3 g5 13.Bf2 f5 14.c5 g4 15.fxg4 Nxg4 16.Bxg4 fxg4
17.O-O Ng6 18.cxd6 cxd6 19.Nc4 a6 20.a4 Bh6 21.Qb3 Rf6 22.Bb6 Rxf1+ 23.Rxf1 Qe7
24.Qa3 Bf8 25.Ne2 Nf4 26.Nxf4 exf4 27.e5 Qg5 28.exd6 f3 29.Be3 Qg6 30.Bc5 fxg2
31.Rxf8+  1-0